| 000 | 02461nam a2200217Ia 4500 | ||
|---|---|---|---|
| 003 | Ost | ||
| 005 | 20260507075310.0 | ||
| 008 | 260507s9999||||xx |||||||||||||| ||und|| | ||
| 020 | _a7057212977 | ||
| 040 | _cfsecg | ||
| 041 | _aara | ||
| 082 | _a330 | ||
| 100 |
_aواتسن، دونالدس _eمؤلف |
||
| 245 | 0 |
_aنظرية السعر و استخداماتها : _bالجزء الأول / _c دونالدس واتسن |
|
| 260 |
_aالاسكندرية: _bمؤسسة شباب الجامعة, _c2007 |
||
| 300 |
_a316 صفحة؛ _bإيضاحات ؛ _c24 سم |
||
| 520 | _aمقدمة عامة حول نظرية السعر 1) نظرية الطلب : الطلب ، العرض و سعر السوق ، مرونة الطلب السعرية و مفاهيم أخرئ للمرونة ، المنفعة القياسية و طلب المستهلك ، المنفعة الترتيبية و منحنيات السواء و المنفعة الكلية و المنفعة الحدية للدخل النقدي ، المنفعة الترتيبية و المخاطرة 2) نظرية المؤسسة : المؤسسة واتخاذ القرارات ، نظرية الانتاج و الاختيارات بين المدخلات و المخرجات ، دوال التكلفة و البرمجة الخطية 3) الاسعار في ظل المنافسة : اسعار الامد القصير و الامد الطويل في ظل المنافسة التامة ، التوازن في ظل المنافسة التامة مع بعض التطبيقات 4)تحليل السعر في ظل الاحتكار : الاسعار في ظل الاحتكار ، التمييز الاحتكاري أو التمييز السعري 5)السعر في ظل المنافسة غير التامة : المنافسة الاحتكارية ، احتكار القلة بعض النماذج التي تتضمن تحقيق أقصى الارباح وبعض النماذج التي لا تتضمن تحقيق أقصى الارباح 6)أسعار العناصر : أسعار عناصر الانتاج ، الاجور ، 7) الكفاءة الاقتصادية : التوازن العام و الرفاهية الاقتصادية و الكفاءة في التوازن العام للاسعار في ظل المنافسة التامة مع وجود ملاحظات رياضية في نهاية كل فصل. | ||
| 653 | _aالأسعار | ||
| 700 |
_aهومان، ماريا _eمؤلف ثانوي |
||
| 942 | _cكتاب | ||
| 999 |
_c43863 _d43863 |
||